[Event "MTO"]
[Site "?"]
[Date "2021.??.??"]
[Round "1.101"]
[White "Salem Saleh"]
[Black "Noaman Omar"]
[Result "1-0"]
[WhiteElo "2682"]
[BlackElo "2367"]
[PlyCount "135"]
[EventDate "2021.??.??"]
[WhiteTeam "Vereinigte Arabische Emirate"]
[BlackTeam "Vereinigte Arabische Emirate"]
[WhiteTeamCountry "UAE"]
[BlackTeamCountry "UAE"]

1. c4 e6 2. Nf3 Nf6 3. g3 b6 4. Bg2 Bb7 5. O-O Be7 6. d4 O-O 7. Re1 Qc8 8. Nc3
Ne4 9. Bd2 c5 10. d5 exd5 11. cxd5 Nxd2 12. Nxd2 d6 13. e4 Nd7 14. f4 c4 15.
Kh1 a6 16. Rc1 b5 17. b4 Bf6 18. a4 Bxc3 19. Rxc3 Qc7 20. g4 Rae8 21. a5 g5 22.
fxg5 Ne5 23. Rf1 Qe7 24. Rf5 f6 25. gxf6 Rxf6 26. Rg3 Nd3 27. Qa1 Ref8 28. Bf1
Ne5 29. Be2 Bc8 30. Qd4 R6f7 31. Rxf7 Rxf7 32. Qe3 Ng6 33. Nf3 Rf4 34. Nd2 Qe5
35. h3 Qa1+ 36. Rg1 Qe5 37. Rc1 Bb7 38. Rc3 Kg7 39. Kg1 Ne7 40. Bf1 Bxd5 41.
exd5 Nxd5 42. Qxe5+ dxe5 43. Rc1 Nxb4 44. Nxc4 bxc4 45. Bxc4 Rf6 46. Rb1 Nc6
47. Rb7+ Kg6 48. Bd3+ Kg5 49. Rxh7 Kf4 50. Kg2 e4 51. Bxa6 Nxa5 52. Bb5 Nb3 53.
Rd7 Nc5 54. Rd5 Ne6 55. Bc4 Ng5 56. Be2 Ne6 57. Bc4 Ng5 58. Be2 Ne6 59. Bd1 Ke3
60. Rf5 Rxf5 61. gxf5 Nd4 62. f6 Ne6 63. Bg4 Nf8 64. Kg3 Kd4 65. Kf4 e3 66. f7
Kd5 67. Kf5 Kd4 68. Kf6 1-0

[Event "MTO"]
[Site "?"]
[Date "2021.??.??"]
[Round "1.103"]
[White "Donchenko Alexander"]
[Black "Tahay Alexis"]
[Result "1/2-1/2"]
[WhiteElo "2652"]
[BlackElo "2349"]
[PlyCount "72"]
[EventDate "2021.??.??"]
[WhiteTeam "Deutschland"]
[BlackTeam "Frankreich"]
[WhiteTeamCountry "GER"]
[BlackTeamCountry "FRA"]

1. Nf3 c5 2. c4 Nc6 3. Nc3 e5 4. e3 Nf6 5. d4 e4 6. d5 exf3 7. dxc6 dxc6 8.
Qxd8+ Kxd8 9. gxf3 g6 10. b3 Bg7 11. Bb2 b6 12. O-O-O+ Ke7 13. h4 Be6 14. Bd3
Rad8 15. Ne2 Nh5 16. Bxg7 Nxg7 17. Nf4 Bf5 18. e4 Bc8 19. h5 Ne6 20. Nxe6 Bxe6
21. Kd2 Rd4 22. Ke3 Rhd8 23. Be2 b5 24. cxb5 Rxd1 25. Bxd1 cxb5 26. Be2 c4 27.
hxg6 hxg6 28. Rb1 cxb3 29. axb3 b4 30. Ra1 Bxb3 31. Rxa7+ Rd7 32. Rxd7+ Kxd7
33. Kd4 Be6 34. f4 Kc6 35. f5 gxf5 36. exf5 Bxf5 1/2-1/2

[Event "MTO"]
[Site "?"]
[Date "2021.??.??"]
[Round "1.104"]
[White "J Sai Agni Jeevitesh"]
[Black "Sethuraman S.P."]
[Result "0-1"]
[WhiteElo "2322"]
[BlackElo "2644"]
[PlyCount "140"]
[EventDate "2021.??.??"]
[WhiteTeam "Indien"]
[BlackTeam "Indien"]
[WhiteTeamCountry "IND"]
[BlackTeamCountry "IND"]

1. d4 Nf6 2. c4 e6 3. g3 d5 4. Bg2 dxc4 5. Nf3 a6 6. O-O Nc6 7. Nbd2 b5 8. b3
Rb8 9. bxc4 Nxd4 10. Bb2 Nxf3+ 11. Bxf3 Bb4 12. Ne4 Qxd1 13. Rfxd1 Nxe4 14.
Bxe4 f6 15. Bc6+ Ke7 16. cxb5 axb5 17. Rab1 Bd6 18. Bd4 Bd7 19. Bxd7 Kxd7 20.
Bc5 Rb7 21. a4 Rhb8 22. axb5 Rxb5 23. Rxb5 Rxb5 24. Bxd6 cxd6 25. Ra1 Rb7 26.
h4 f5 27. Kg2 e5 28. e3 Ke6 29. Ra6 g6 30. Ra8 Rd7 31. Re8+ Kd5 32. Kf3 Rc7 33.
Rd8 Ra7 34. Re8 Kc4 35. Rc8+ Kd5 36. Re8 Rf7 37. Rg8 Kc4 38. Rc8+ Kd3 39. Rd8
Rf6 40. Rh8 Rf7 41. Rd8 Rf6 42. Rh8 h5 43. Rd8 Re6 44. Rd7 Kc4 45. Rc7+ Kb5 46.
Rc8 d5 47. Ke2 f4 48. Kd3 fxg3 49. fxg3 Ra6 50. Re8 Ra3+ 51. Kd2 e4 52. Rb8+
Kc5 53. Rc8+ Kd6 54. Rg8 Ra2+ 55. Ke1 Kc5 56. Rxg6 Kc4 57. Rg5 d4 58. exd4 Kd3
59. Rxh5 e3 60. Kf1 Ra1+ 61. Kg2 e2 62. Re5 e1=Q 63. Rxe1 Rxe1 64. Kf3 Kxd4 65.
Kf4 Rf1+ 66. Kg5 Ke5 67. g4 Rg1 68. Kh5 Kf6 69. g5+ Kg7 70. g6 Ra1 0-1

[Event "MTO"]
[Site "?"]
[Date "2021.??.??"]
[Round "1.105"]
[White "Chithambaram Aravindh"]
[Black "Dordzhieva Dinara"]
[Result "1-0"]
[WhiteElo "2641"]
[BlackElo "2311"]
[PlyCount "89"]
[EventDate "2021.??.??"]
[WhiteTeam "Indien"]
[BlackTeam "Russland"]
[WhiteTeamCountry "IND"]
[BlackTeamCountry "RUS"]

1. Nf3 d5 2. e3 Nf6 3. c4 dxc4 4. Bxc4 e6 5. b3 a6 6. Bb2 c5 7. O-O Nc6 8. d4
cxd4 9. Nxd4 Bd7 10. Be2 Be7 11. Nd2 Nxd4 12. Bxd4 Bc6 13. Bf3 Bd5 14. Nc4 O-O
15. Bxd5 Nxd5 16. e4 Nf6 17. Nb6 e5 18. Be3 Qxd1 19. Rfxd1 Rad8 20. f3 h6 21.
Kf2 Rxd1 22. Rxd1 Rd8 23. Rc1 Bd6 24. Ke2 Kf8 25. Bc5 Ne8 26. a4 f6 27. Bxd6+
Rxd6 28. Nd5 Rd8 29. g4 Kf7 30. h4 Ke6 31. h5 Nd6 32. Nb6 Ne8 33. Rc4 Rd6 34.
Nd5 Rd8 35. Kd3 Nd6 36. Rc2 Rd7 37. Rc5 Rd8 38. Kc3 Re8 39. Kb4 Rd8 40. Ka5 Rd7
41. Kb6 Nf7 42. Nc7+ Ke7 43. Kxb7 Rd3 44. Nd5+ Ke8 45. Rc3 1-0

[Event "MTO"]
[Site "?"]
[Date "2021.??.??"]
[Round "1.106"]
[White "Fecker Noah"]
[Black "Banusz Tamas"]
[Result "0-1"]
[WhiteElo "2309"]
[BlackElo "2631"]
[PlyCount "68"]
[EventDate "2021.??.??"]
[WhiteTeam "Schweiz"]
[BlackTeam "Ungarn"]
[WhiteTeamCountry "SUI"]
[BlackTeamCountry "HUN"]

1. e4 e5 2. Nf3 Nc6 3. Bb5 a6 4. Ba4 Nf6 5. O-O Be7 6. d3 b5 7. Bb3 d6 8. a4
Bd7 9. c3 O-O 10. Nbd2 Na5 11. Bc2 c5 12. Re1 Re8 13. Nf1 h6 14. Ng3 Bf8 15. d4
Qc7 16. axb5 axb5 17. b3 cxd4 18. cxd4 Nc6 19. Bb2 Rxa1 20. Qxa1 exd4 21. Rc1
Qb7 22. Nxd4 Nb4 23. f3 d5 24. Ndf5 Qb6+ 25. Kh1 Nxc2 26. Rxc2 dxe4 27. Nxh6+
gxh6 28. Bxf6 exf3 29. gxf3 Qe3 30. Qc3 Bh3 31. Rc1 Qf2 32. Rg1 Re1 33. Nf1+
Qxg1+ 34. Kxg1 Rxf1# 0-1

[Event "MTO"]
[Site "?"]
[Date "2021.??.??"]
[Round "1.107"]
[White "Chigaev Maksim"]
[Black "Stelmaszyk Nico"]
[Result "1-0"]
[WhiteElo "2630"]
[BlackElo "2296"]
[PlyCount "99"]
[EventDate "2021.??.??"]
[WhiteTeam "Russland"]
[BlackTeam "Deutschland"]
[WhiteTeamCountry "RUS"]
[BlackTeamCountry "GER"]

1. c4 c5 2. Nf3 Nc6 3. Nc3 e6 4. g3 d5 5. cxd5 exd5 6. d4 c4 7. Bg2 Bb4 8. O-O
Nge7 9. Ne5 O-O 10. Nxc6 bxc6 11. Na4 Qa5 12. Bf4 Ng6 13. a3 Be7 14. Bd2 Qb5
15. Qc2 f5 16. e3 Rb8 17. Bc3 Rf7 18. Rfc1 Nf8 19. Bf1 Qb3 20. Qxb3 Rxb3 21.
Be2 Ne6 22. Bd1 Rb8 23. b3 cxb3 24. Rcb1 Bd6 25. Rxb3 Rfb7 26. Rxb7 Rxb7 27. h4
Rb8 28. Bc2 g6 29. Nb2 Ba6 30. Bb4 Bxb4 31. axb4 Nc7 32. Na4 Bb5 33. Nc5 a6 34.
Bd3 Rb6 35. Nd7 Rb7 36. Bxb5 Rxb5 37. Rc1 Rxb4 38. Rxc6 Rb7 39. Nc5 Ra7 40. Rd6
a5 41. Rd8+ Kf7 42. Rd7+ Kf6 43. Na4 h5 44. Rd6+ Kf7 45. Kg2 Rb7 46. Rd7+ Kf6
47. Nc3 Ke6 48. Rg7 Ra7 49. Rxg6+ Kf7 50. Rc6 1-0

[Event "MTO"]
[Site "?"]
[Date "2021.??.??"]
[Round "1.108"]
[White "Löffler Markus"]
[Black "Ganguly Surya Shekhar"]
[Result "0-1"]
[WhiteElo "2295"]
[BlackElo "2625"]
[PlyCount "94"]
[EventDate "2021.??.??"]
[WhiteTeam "Deutschland"]
[BlackTeam "Indien"]
[WhiteTeamCountry "GER"]
[BlackTeamCountry "IND"]

1. e4 e6 2. d4 d5 3. Nc3 Bb4 4. e5 c5 5. a3 Bxc3+ 6. bxc3 Ne7 7. h4 Qa5 8. Bd2
Nbc6 9. h5 h6 10. Qg4 Nf5 11. Bd3 Rg8 12. a4 c4 13. Be2 Bd7 14. Nf3 O-O-O 15.
O-O g6 16. Rfd1 Rg7 17. Nh4 gxh5 18. Qxh5 Rdg8 19. g3 Nce7 20. Kh2 Nxh4 21.
Qxh4 Nf5 22. Qf4 h5 23. Rh1 Qd8 24. Bxh5 f6 25. exf6 Qxf6 26. Kg2 Rf8 27. Rh3
e5 28. dxe5 Qe7 29. Rah1 Nxg3 30. Rxg3 Rxf4 31. Bxf4 Bxa4 32. Bg4+ Kc7 33. Rh6
Bc6 34. f3 a5 35. Kf2 Qc5+ 36. Ke2 d4 37. e6+ Kd8 38. cxd4 Qxd4 39. Be3 Qb2 40.
Kd1 Qb1+ 41. Kd2 c3+ 42. Kd3 Qb5+ 43. Kd4 Qb4+ 44. Ke5 Ke7 45. Rgh3 Qb5+ 46.
Kd4 Rxg4+ 47. fxg4 Qb4+ 0-1

[Event "MTO"]
[Site "?"]
[Date "2021.??.??"]
[Round "1.109"]
[White "Narayanan S.L."]
[Black "Kamber Bruno"]
[Result "1-0"]
[WhiteElo "2624"]
[BlackElo "2275"]
[Annotator "olive"]
[PlyCount "99"]
[EventDate "2021.??.??"]
[WhiteTeam "Indien"]
[BlackTeam "Schweiz"]
[WhiteTeamCountry "IND"]
[BlackTeamCountry "SUI"]

1. d4 Nf6 2. c4 e6 3. Nf3 d5 4. g3 Bb4+ 5. Bd2 Be7 6. Bg2 O-O 7. O-O c6 8. Qc2
Nbd7 9. Rc1 b6 10. cxd5 cxd5 11. Bf4 Bb7 12. Bc7 Qe8 13. Nc3 Rc8 14. Nb5 Nc5
15. a4 a6 16. dxc5 Bxc5 17. Nd6 Bxd6 18. Bxd6 Rxc2 19. Rxc2 Qd7 20. Bxf8 Kxf8
21. a5 bxa5 22. Rxa5 Qd6 23. Rac5 d4 24. Ne5 Bxg2 25. Kxg2 g5 26. h3 h5 27. Nf3
g4 28. hxg4 hxg4 29. Ne5 Kg7 30. Nd3 Nd5 31. R2c4 e5 32. Rc6 Qb8 33. R4c5 Nb4
34. Nxb4 Qxb4 35. Rxe5 Qb7 36. Rg5+ Kf8 37. Rgc5 Qxb2 38. Rc2 Qb5 39. R6c5 Qb3
40. Rd2 Qb4 41. Rcc2 Kg7 42. Rd3 Kf6 43. Ra2 Ke5 44. Rda3 f5 45. Rxa6 Qb7+ 46.
Kh2 d3 47. R2a5+ Kd4 48. Rd6+ Kc4 49. Rxd3 Qh7+ 50. Kg1 {The full game could
not be reproduced (score sheet unreadable).} 1-0

[Event "MTO"]
[Site "?"]
[Date "2021.??.??"]
[Round "1.110"]
[White "Ammar Sedrani"]
[Black "Erdos Viktor"]
[Result "1/2-1/2"]
[WhiteElo "2274"]
[BlackElo "2614"]
[PlyCount "94"]
[EventDate "2021.??.??"]
[WhiteTeam "Vereinigte Arabische Emirate"]
[BlackTeam "Ungarn"]
[WhiteTeamCountry "UAE"]
[BlackTeamCountry "HUN"]

1. d4 Nf6 2. Bg5 c5 3. d5 d6 4. Nc3 h6 5. Bc1 Na6 6. e4 Nc7 7. a4 e6 8. Be2 Be7
9. Nf3 exd5 10. exd5 O-O 11. O-O Rb8 12. Re1 b6 13. Nb5 Nfxd5 14. Nxa7 Bb7 15.
Nb5 Ne6 16. c4 Nb4 17. Bd2 d5 18. Bxb4 cxb4 19. cxd5 Qxd5 20. Qxd5 Bxd5 21. Ne5
Rfd8 22. Bc4 Bxc4 23. Nxc4 Bf6 24. Rad1 Nc5 25. Rxd8+ Rxd8 26. Nxb6 Bxb2 27. g3
b3 28. Rb1 Bf6 29. Nc4 Rd3 30. a5 b2 31. Kg2 Rb3 32. Nc7 Rb4 33. Nb6 Bd4 34.
Ncd5 Rb3 35. Ne7+ Kh7 36. Nc6 Bc3 37. Nd5 Bd2 38. Ne5 Bc1 39. Nc4 Rb5 40. Nc7
Rb7 41. Nd5 Nd3 42. Ndb6 f5 43. Na4 Rb4 44. Ncb6 Rb5 45. Nc4 Rb4 46. Ncb6 Rb5
47. Nc4 Rb4 1/2-1/2

[Event "MTO"]
[Site "?"]
[Date "2021.??.??"]
[Round "1.111"]
[White "R Praggnanandhaa"]
[Black "Wacker Peter"]
[Result "1-0"]
[WhiteElo "2608"]
[BlackElo "2263"]
[PlyCount "65"]
[EventDate "2021.??.??"]
[WhiteTeam "Indien"]
[BlackTeam "Deutschland"]
[WhiteTeamCountry "IND"]
[BlackTeamCountry "GER"]

1. b3 e5 2. Bb2 Nc6 3. c4 Nf6 4. Nf3 Bc5 5. e3 d6 6. d3 Bg4 7. a3 a5 8. Be2 O-O
9. Qc2 Re8 10. Nc3 d5 11. cxd5 Nxd5 12. O-O Nxc3 13. Bxc3 Bd6 14. Qb2 Qe7 15.
h3 Bh5 16. Nxe5 Nxe5 17. Bxh5 Nxd3 18. Qc2 Nc5 19. Bf3 Ne4 20. Bb2 c6 21. Rfd1
Nf6 22. Bc3 Be5 23. b4 Bxc3 24. Qxc3 axb4 25. axb4 h6 26. Rab1 Ra2 27. b5 Ne4
28. Qc4 Qe6 29. Qxe6 Rxe6 30. Rd8+ Kh7 31. Bxe4+ Rxe4 32. Rd7 cxb5 33. Rxb5 1-0

[Event "MTO"]
[Site "?"]
[Date "2021.??.??"]
[Round "1.112"]
[White "Eric Jovana"]
[Black "Murali Karthikeyan"]
[Result "0-1"]
[WhiteElo "2250"]
[BlackElo "2606"]
[PlyCount "56"]
[EventDate "2021.??.??"]
[WhiteTeam "Serbien"]
[BlackTeam "Indien"]
[WhiteTeamCountry "SRB"]
[BlackTeamCountry "IND"]

1. e4 c5 2. Nf3 Nc6 3. Bb5 d6 4. O-O Bd7 5. Re1 Nf6 6. h3 a6 7. Bf1 g5 8. e5
dxe5 9. Nxe5 Nxe5 10. Rxe5 g4 11. hxg4 Nxg4 12. Rh5 Rg8 13. Nc3 Bc6 14. Qe2 Qd6
15. d3 f5 16. Bd2 Rg6 17. Re1 Qd7 18. Rg5 Kf7 19. Rxg6 hxg6 20. Bg5 Re8 21. Bh4
Bg7 22. Nd1 g5 23. Bxg5 Qd6 24. g3 Bd4 25. Ne3 Bxe3 26. Bxe3 Rh8 27. f3 Qxg3+
28. Bg2 Rh1+ 0-1

[Event "MTO"]
[Site "?"]
[Date "2021.??.??"]
[Round "1.113"]
[White "Fedorchuk Sergey"]
[Black "Blagojevic Tijana"]
[Result "1-0"]
[WhiteElo "2598"]
[BlackElo "2222"]
[PlyCount "43"]
[EventDate "2021.??.??"]
[WhiteTeam "Ukraine"]
[BlackTeam "Serbien"]
[WhiteTeamCountry "UKR"]
[BlackTeamCountry "SRB"]

1. e4 e5 2. Nf3 Nc6 3. Bc4 Bc5 4. d3 Nf6 5. O-O a6 6. Be3 d6 7. Bxc5 dxc5 8. h3
h6 9. Nc3 g5 10. Bd5 Ne7 11. Nxe5 Nfxd5 12. exd5 Nxd5 13. Qf3 Be6 14. Rae1 O-O
15. Nxd5 Bxd5 16. Qh5 Kg7 17. f4 Qf6 18. c4 Be6 19. f5 Bc8 20. Ng4 Qd4+ 21. Kh1
Rh8 22. Re7 1-0

[Event "MTO"]
[Site "?"]
[Date "2021.??.??"]
[Round "1.114"]
[White "Pahud Cédric"]
[Black "Puranik Abhimanyu"]
[Result "0-1"]
[WhiteElo "2200"]
[BlackElo "2589"]
[PlyCount "66"]
[EventDate "2021.??.??"]
[WhiteTeam "Schweiz"]
[BlackTeam "Indien"]
[WhiteTeamCountry "SUI"]
[BlackTeamCountry "IND"]

1. e4 e5 2. Nf3 Nc6 3. Nc3 Nf6 4. d4 exd4 5. Nxd4 Nxe4 6. Nxe4 Qe7 7. f3 d5 8.
Bb5 Bd7 9. Bxc6 bxc6 10. O-O dxe4 11. Re1 O-O-O 12. Rxe4 Qb4 13. c3 Qb6 14. Re1
c5 15. Nb3 c4+ 16. Be3 Qg6 17. Nc5 Bh3 18. Qe2 Re8 19. Ne4 f5 20. Ng3 Bc5 21.
Bxc5 Rxe2 22. Rxe2 f4 23. Ne4 Re8 24. Kh1 Rxe4 25. fxe4 f3 26. Rf2 Bxg2+ 27.
Kg1 Qxe4 28. Rd1 a6 29. Rfd2 Bh3 30. Bf2 h5 31. Bg3 h4 32. Rd8+ Kb7 33. Re1
hxg3 0-1

[Event "MTO"]
[Site "?"]
[Date "2021.??.??"]
[Round "1.115"]
[White "Gukesh Dommaraju"]
[Black "Al Hosani Omran"]
[Result "1-0"]
[WhiteElo "2578"]
[BlackElo "2197"]
[PlyCount "71"]
[EventDate "2021.??.??"]
[WhiteTeam "Indien"]
[BlackTeam "Vereinigte Arabische Emirate"]
[WhiteTeamCountry "IND"]
[BlackTeamCountry "UAE"]

1. d4 Nf6 2. Nf3 g6 3. Nc3 d5 4. Bf4 Bg7 5. Nb5 Na6 6. e3 O-O 7. Be2 c6 8. Nc3
Nc7 9. h3 Nce8 10. O-O Nd6 11. a4 a5 12. Nb1 b6 13. Nbd2 Bb7 14. c3 c5 15. Qb3
Ba6 16. Bxa6 Rxa6 17. Rfd1 Qa8 18. c4 cxd4 19. Bxd6 exd6 20. Nxd4 Rc8 21. Rac1
Rc5 22. Nb5 dxc4 23. Nxc4 Rg5 24. g3 Qf3 25. Ncxd6 Nd5 26. Rc8+ Bf8 27. Rd3 Nb4
28. Rd4 Kg7 29. Rf4 Rxg3+ 30. fxg3 Qxg3+ 31. Kf1 Qxh3+ 32. Ke2 Qg2+ 33. Rf2
Qg4+ 34. Kd2 Bxd6 35. Qxf7+ Kh6 36. Nxd6 1-0

[Event "MTO"]
[Site "?"]
[Date "2021.??.??"]
[Round "1.116"]
[White "Salzgeber Frank"]
[Black "Yuffa Daniil"]
[Result "0-1"]
[WhiteElo "2183"]
[BlackElo "2578"]
[Annotator "olive"]
[PlyCount "46"]
[EventDate "2021.??.??"]
[WhiteTeam "Schweiz"]
[BlackTeam "Russland"]
[WhiteTeamCountry "SUI"]
[BlackTeamCountry "RUS"]

1. d4 Nf6 2. c4 g6 3. Nc3 Bg7 4. e4 d6 5. Be2 O-O 6. Nf3 Na6 7. O-O e5 8. Re1
Qe7 9. Bf1 Bg4 10. Be3 Bxf3 11. Qxf3 Ng4 12. Rad1 exd4 13. Bxd4 Bxd4 14. Rxd4
Qe5 15. Qxg4 Qxd4 16. Rd1 Qe5 17. Nd5 c6 18. f4 Qe6 19. f5 Qe5 20. Qh4 cxd5 21.
Rxd5 Qxb2 22. f6 Rfe8 23. e5 dxe5 0-1

[Event "MTO"]
[Site "?"]
[Date "2021.??.??"]
[Round "1.117"]
[White "Wagner Dennis"]
[Black "Doluhanova Evgeniya"]
[Result "1-0"]
[WhiteElo "2572"]
[BlackElo "2179"]
[PlyCount "81"]
[EventDate "2021.??.??"]
[WhiteTeam "Deutschland"]
[BlackTeam "Ukraine"]
[WhiteTeamCountry "GER"]
[BlackTeamCountry "UKR"]

1. e4 e5 2. Nf3 Nc6 3. Bb5 Nf6 4. O-O Nxe4 5. d4 Nd6 6. Bxc6 dxc6 7. dxe5 Nf5
8. Qxd8+ Kxd8 9. Rd1+ Ke8 10. Nc3 Be7 11. h3 Nh4 12. Nxh4 Bxh4 13. Ne2 h6 14.
g4 Be7 15. Kg2 a5 16. a4 b6 17. Bf4 Bd7 18. Bg3 h5 19. f3 Rh6 20. Rd3 hxg4 21.
hxg4 Rd8 22. Rad1 Bc8 23. Rxd8+ Bxd8 24. Bf4 Rh7 25. Nd4 Bd7 26. c4 g5 27. Be3
c5 28. Nb5 Bxb5 29. axb5 f6 30. f4 gxf4 31. Bxf4 fxe5 32. Bxe5 a4 33. Kf3 Rf7+
34. Ke4 Rf2 35. Ra1 Re2+ 36. Kf5 Rf2+ 37. Ke6 Rf8 38. Rxa4 Rf7 39. Ra8 Re7+ 40.
Kf5 Rf7+ 41. Kg6 1-0

[Event "MTO"]
[Site "?"]
[Date "2021.??.??"]
[Round "1.118"]
[White "Gueci Tea"]
[Black "Dragnev Valentin"]
[Result "0-1"]
[WhiteElo "2179"]
[BlackElo "2569"]
[PlyCount "94"]
[EventDate "2021.??.??"]
[WhiteTeam "Italien"]
[BlackTeam "Österreich"]
[WhiteTeamCountry "ITA"]
[BlackTeamCountry "AUT"]

1. e4 c5 2. Nf3 d6 3. Bb5+ Nd7 4. c3 Ngf6 5. Qe2 a6 6. Ba4 b5 7. Bc2 Bb7 8. O-O
e6 9. d4 Be7 10. Re1 Qc7 11. Bd3 O-O 12. Nbd2 Rfe8 13. Nf1 e5 14. d5 c4 15. Bc2
a5 16. Bd2 Ba6 17. b4 cxb3 18. axb3 Reb8 19. Rec1 b4 20. Qe1 Qb6 21. cxb4 axb4
22. Ne3 g6 23. Ra4 Nc5 24. Rxb4 Bb5 25. Nc4 Qd8 26. Qe2 Qd7 27. Bd3 Nxd3 28.
Qxd3 Ne8 29. Qc2 Nc7 30. Nb6 Rxb6 31. Qxc7 Qxc7 32. Rxc7 Bd8 33. Rc1 Rbb8 34.
h4 Ba5 35. h5 Bxb4 36. Bxb4 Ra6 37. hxg6 hxg6 38. Ng5 Bd3 39. Bd2 f6 40. Rc3
Bb1 41. Rc1 Bd3 42. Rc3 Ra1+ 43. Kh2 Bb1 44. Ne6 Bxe4 45. Nc7 Rd1 46. Re3 Rxd2
47. Rxe4 Rxf2 0-1

[Event "MTO"]
[Site "?"]
[Date "2021.??.??"]
[Round "1.120"]
[White "Zimmermann Luc"]
[Black "Sadhwani Raunak"]
[Result "0-1"]
[WhiteElo "2151"]
[BlackElo "2555"]
[PlyCount "70"]
[EventDate "2021.??.??"]
[WhiteTeam "Niederlande"]
[BlackTeam "Indien"]
[WhiteTeamCountry "NED"]
[BlackTeamCountry "IND"]

1. e4 e5 2. Bc4 Nf6 3. Nc3 Nc6 4. d3 Bc5 5. f4 d6 6. Nf3 Bg4 7. Na4 exf4 8.
Nxc5 dxc5 9. Bxf4 O-O 10. Qd2 Bxf3 11. gxf3 b5 12. Bb3 Nd4 13. O-O Nh5 14. Be3
Qf6 15. Kh1 Rfd8 16. Bg5 Qe5 17. f4 Nxb3 18. Qd1 Qe8 19. axb3 f6 20. Bh4 a5 21.
Qg4 Ra6 22. Rae1 Qf7 23. e5 Re8 24. Kg1 Rae6 25. exf6 Nxf6 26. Qf5 h6 27. Qxc5
Nd5 28. Rxe6 Rxe6 29. f5 Re2 30. Rf2 Re1+ 31. Kg2 Ne3+ 32. Kh3 Qh5 33. Qd4 Re2
34. Rxe2 Qf3+ 35. Bg3 Qf1+ 0-1

[Event "MTO"]
[Site "?"]
[Date "2021.??.??"]
[Round "1.121"]
[White "Korpa Bence"]
[Black "Ferster Fabian"]
[Result "1-0"]
[WhiteElo "2536"]
[BlackElo "2143"]
[PlyCount "99"]
[EventDate "2021.??.??"]
[WhiteTeam "Ungarn"]
[BlackTeam "Liechtenstein"]
[WhiteTeamCountry "HUN"]
[BlackTeamCountry "LIE"]

1. d4 Nf6 2. Nf3 g6 3. Bg5 Bg7 4. Nbd2 d5 5. e3 O-O 6. Be2 c5 7. c3 Re8 8. b4
b6 9. O-O Nbd7 10. bxc5 bxc5 11. Qa4 Nb6 12. Qa5 cxd4 13. cxd4 Bf5 14. Rfc1 Ne4
15. Bf4 Nxd2 16. Nxd2 e5 17. dxe5 Bxe5 18. Bxe5 Rxe5 19. Nf3 Re8 20. Rc3 Nc4
21. Qxd8 Rexd8 22. Bxc4 Rac8 23. Nd4 Rxc4 24. Ra3 Rd7 25. Nxf5 gxf5 26. g3 Rc2
27. Rd1 Kg7 28. Ra5 Kg6 29. Rd4 Re2 30. Rda4 Rc7 31. Rxd5 Rcc2 32. Rf4 Rxa2 33.
Rdxf5 Rec2 34. h4 Kg7 35. Rg4+ Kf8 36. Rfg5 a5 37. Rg8+ Ke7 38. Ra8 Kd6 39. Rg7
Kc5 40. Rxh7 a4 41. Rg7 a3 42. h5 Ra1+ 43. Kg2 a2 44. h6 Kb6 45. h7 Rc8 46. Rg8
Rg1+ 47. Kxg1 Rc1+ 48. Kg2 a1=Q 49. Rxa1 Rxa1 50. h8=Q 1-0

[Event "MTO"]
[Site "?"]
[Date "2021.??.??"]
[Round "1.122"]
[White "Schweizer Simon"]
[Black "Kantor Gergely"]
[Result "1-0"]
[WhiteElo "2142"]
[BlackElo "2527"]
[Annotator "olive"]
[PlyCount "181"]
[EventDate "2021.??.??"]
[WhiteTeam "Japan"]
[BlackTeam "Ungarn"]
[WhiteTeamCountry "JPN"]
[BlackTeamCountry "HUN"]

1. e4 e5 2. Nf3 Nc6 3. Nc3 Nf6 4. g3 Bc5 5. Bg2 d6 6. d3 a5 7. O-O O-O 8. h3 h6
9. Kh2 Re8 10. Nd2 a4 11. a3 Nd4 12. Nc4 c6 13. Ne3 h5 14. Nxa4 Rxa4 15. c3 b5
16. cxd4 Bxd4 17. Nc2 Bb6 18. b3 Ra8 19. Bb2 d5 20. exd5 cxd5 21. d4 e4 22. Ne3
h4 23. Bc3 Bc7 24. Bb4 g6 25. Rg1 Nh5 26. Bf1 Ra6 27. Rc1 Rf6 28. Be1 Be6 29.
Be2 hxg3+ 30. fxg3 Kg7 31. Rc3 Rh8 32. Ng4 Rf5 33. Kg2 Bd6 34. Qc1 Bf4 35. Bd2
Nxg3 36. Rxg3 Bxg3 37. Bh6+ Kh7 38. Kxg3 Rh5 39. Bf4 Qh4+ 40. Kg2 Qxh3+ 41. Kf2
Rc8 42. Qe3 Bxg4 43. Bxg4 Qxe3+ 44. Kxe3 Rc3+ 45. Kd2 Rd3+ 46. Kc2 Rh4 47. Be5
f5 48. Be2 Re3 49. Bxb5 f4 50. Rg2 f3 51. Rg1 Rh3 52. Rf1 f2 53. Rxf2 Rxb3 54.
Rh2 Rxa3 55. Rxh3+ Rxh3 56. Bc6 Rf3 57. Bxd5 Rf2+ 58. Kd1 e3 59. Be4 Kh6 60.
Ke1 g5 61. d5 Kh5 62. d6 g4 63. d7 Rd2 64. Bc6 Kh4 65. Bf6+ Kh3 66. d8=Q Rxd8
67. Bxd8 g3 68. Bd7+ Kg2 69. Ke2 Kh1 70. Kxe3 g2 71. Bc6 Kh2 72. Bc7+ Kh1 73.
Kf4 Kh2 74. Kg4+ Kh1 75. Kh3 Kg1 76. Bxg2 Kf2 77. Bb6+ Ke2 78. Be4 Kd2 79. Bd4
Ke2 80. Kg2 Ke1 81. Kf3 Kd2 82. Kf2 Kd1 83. Bc3 Kc1 84. Ke3 Kd1 85. Kd3 Kc1 86.
Bf3 Kb1 87. Kd2 Ka2 88. Kc2 Ka3 89. Bc6 Ka2 90. Bb4 Ka1 91. Be4 1-0

[Event "MTO"]
[Site "?"]
[Date "2021.??.??"]
[Round "1.123"]
[White "Valsecchi Alessio"]
[Black "Borner Daniel"]
[Result "1-0"]
[WhiteElo "2527"]
[BlackElo "2133"]
[PlyCount "76"]
[EventDate "2021.??.??"]
[WhiteTeam "Italien"]
[BlackTeam "Schweiz"]
[WhiteTeamCountry "ITA"]
[BlackTeamCountry "SUI"]

1. d4 Nf6 2. c4 g6 3. Nc3 Bg7 4. e4 O-O 5. Be2 d6 6. Be3 c5 7. d5 e6 8. Nf3 Re8
9. Nd2 Na6 10. O-O Nc7 11. a4 Rb8 12. Ra3 b6 13. Bg5 a6 14. f4 h6 15. Bh4 exd5
16. cxd5 b5 17. axb5 axb5 18. e5 dxe5 19. fxe5 Rxe5 20. Nde4 g5 21. Nxf6+ Bxf6
22. Bg3 b4 23. d6 Ne6 24. Ra7 bxc3 25. Bh5 Nf4 26. bxc3 Be6 27. Bf3 Qb6 28. Ra4
Rd8 29. Bxf4 gxf4 30. Rxf4 Rxd6 31. Qa4 c4+ 32. Kh1 Qd8 33. Bg4 Bg5 34. Rd4
Rxd4 35. cxd4 Ra5 36. Qd1 Bd5 37. Bf3 Ra2 38. Qb1 c3 1-0

[Event "MTO"]
[Site "?"]
[Date "2021.??.??"]
[Round "1.124"]
[White "Giacomini Hector"]
[Black "Tang Andrew"]
[Result "0-1"]
[WhiteElo "2104"]
[BlackElo "2525"]
[PlyCount "54"]
[EventDate "2021.??.??"]
[WhiteTeam "Frankreich"]
[BlackTeam "Vereinigte Staaten"]
[WhiteTeamCountry "FRA"]
[BlackTeamCountry "USA"]

1. Nf3 d5 2. e3 Nf6 3. c4 e6 4. Nc3 Bd6 5. b3 O-O 6. Bb2 b6 7. d4 Bb7 8. Bd3
Nbd7 9. O-O a6 10. Rc1 Ne4 11. Ne2 Qf6 12. Qc2 Qh6 13. Ng3 Ndf6 14. cxd5 Nxg3
15. hxg3 exd5 16. Bf5 g6 17. Bd3 Rfe8 18. Rfe1 Ng4 19. Ne5 Bxe5 20. dxe5 c5 21.
Kf1 Qh1+ 22. Ke2 Qxg2 23. Rf1 d4 24. exd4 cxd4 25. Bxd4 Nxe5 26. Bxe5 Rxe5+ 27.
Kd2 Rd8 0-1

[Event "MTO"]
[Site "?"]
[Date "2021.??.??"]
[Round "1.125"]
[White "NR Visakh"]
[Black "Schmid Christoph"]
[Result "1-0"]
[WhiteElo "2516"]
[BlackElo "2091"]
[PlyCount "63"]
[EventDate "2021.??.??"]
[WhiteTeam "Indien"]
[BlackTeam "Schweiz"]
[WhiteTeamCountry "IND"]
[BlackTeamCountry "SUI"]

1. d4 Nf6 2. c4 e6 3. Nf3 d5 4. Nc3 Be7 5. Bf4 O-O 6. e3 b6 7. Bd3 Bb7 8. cxd5
Nxd5 9. Nxd5 Qxd5 10. Bxc7 Qa5+ 11. Kf1 Na6 12. Bg3 Nb4 13. Be2 Ba6 14. a3
Bxe2+ 15. Qxe2 Rac8 16. Ne1 Qa4 17. Rd1 Nc2 18. Nd3 b5 19. Kg1 b4 20. axb4 Nxb4
21. Ne1 Nc2 22. h4 Nxe1 23. Qxe1 Bb4 24. Qf1 Rc2 25. Ra1 Qb3 26. Rxa7 Qxb2 27.
Kh2 Rfc8 28. Qa6 h5 29. Qb7 Rf8 30. Qf3 g6 31. Qf6 Rc6 32. Be5 1-0